000 00487nam a2200169Ia 4500
005 20250424120245.0
008 250424s9999 xx 000 0 und d
022 _a00205745
050 _aHF 5668 .I58/
245 0 _aInternal auditor: journal of the Institute of Internal Auditors.
260 _aNorth America,New York.
260 _bInstitute of Internal Auditors
260 _c2013
300 _a72 p. : ill. ; 28 cm.
650 _aInternal Auditing--Periodicals.
942 _cSR
999 _c38287
_d38287